000 00582nam a2200205 a 4500
008
020 _a9780198607540 (pbk.)
049 _aMAIN
090 _aREF R121
_bOXF
245 0 _aOxford Concise Colour Medical Dictionary.
250 _a3th ed.
260 _aOxford :
_bOxford University Press,
_c2004.
300 _a754 p. :
_bill. (some col.) ;
_c20 cm.
650 1 _aMedicine
_vDictionaries.
907 _a.b10390893
_b04-05-18
_c04-05-18
003
005 20230120204228.0
040 _cNUST
942 _cBOOKS
_kREF R121
_mOXF
999 _c119462
_d119462